|
|
|
|
| LEADER |
00000nab a2200000 a 4500 |
| 001 |
vtls000864669 |
| 003 |
SK-MaSNL |
| 005 |
20260304110306.0 |
| 008 |
250429c2003 xo 0 slo |
| 015 |
|
|
|a SNBRB2004/03-07014
|
| 035 |
|
|
|a CLN000216221
|
| 035 |
|
|
|a urn:nbn:sk:snk-abbx6b
|
| 035 |
|
|
|a (urnnbn)urn:nbn:sk:snk:ar-001770
|
| 035 |
|
|
|a (uuid)3b34bb47-b3e3-475e-aac4-75d06c94221e
|
| 040 |
|
|
|a SNKBUCL
|b slo
|c SNKBUCL
|e AACR2
|
| 041 |
0 |
|
|a slo
|
| 044 |
|
|
|a xo
|c SK
|
| 080 |
|
|
|a 531.781
|2 1997
|
| 100 |
1 |
|
|a Šturcel, Ján,
|d 1946-
|4 aut
|9 15162
|
| 245 |
1 |
0 |
|a Meracie členy mechanických veličín, odporová tenzometria a kalibrácia
|n (2)
|c Ján Šturcel
|
| 300 |
|
|
|b Sch.
|
| 500 |
|
|
|a Pokračovanie v budúcom čísle
|
| 504 |
|
|
|a Bibliogr. odkazy
|
| 650 |
0 |
7 |
|a odporové tenzometre
|2 snkbucl
|9 1266461
|
| 650 |
0 |
7 |
|a odporová tenzometria
|2 snkbucl
|9 1404343
|
| 655 |
|
7 |
|a články z novín a časopisov
|2 snkbucl
|9 267496
|
| 773 |
0 |
|
|t AT&P journal
|g Roč. 10, č. 9 (2003), s. 43-44
|x 1335-2237
|
| 850 |
|
|
|a Slovenská národná knižnica
|
| 852 |
|
|
|a Slovenská národná knižnica
|
| 954 |
|
|
|a odborná, vedecká literatúra pôvodná (slovenská)
|2 lita
|
| 958 |
|
|
|a article15
|
| 958 |
|
|
|a OND
|
| 958 |
|
|
|a NB
|
| 958 |
|
|
|a EUIPO
|
| 992 |
|
|
|a RBX
|
| 999 |
|
|
|c 2859310
|d 2861240
|